Statistics for Ancient Roman Names Popular Today (Boys)

Click here to take the quiz!

General Stats

  • This quiz has been taken 72 times
  • The average score is 5 of 21

Answer Stats

Answer% Correct
Julius
83%
Marcus
70%
Augustus
67%
Claudius
41%
Caesar
27%
Octavius
27%
Lucius
25%
Maximus
24%
Titus
22%
Cornelius
17%
Marius
17%
Cicero
16%
Cassius
14%
Marcellus
8%
Felix
6%
Cato
5%
Rufus
5%
Junius
3%
Seneca
3%
Otho
2%
Festus
0%

Score Distribution

Percentile by Number Answered

Percent of People with Each Score

Your Score History

You have not taken this quiz